5HLuxD.jpg

KING HENRY VIII SENIOR AND PRIMARY SCHOOL LIBRARY OPAC

Angry Aztecs / (Record no. 2088)

000 -LEADER
fixed length control field 00989nam a22003378i 4500
001 - CONTROL NUMBER
control field 020687451
003 - CONTROL NUMBER IDENTIFIER
control field UkOxU
005 - DATE AND TIME OF LATEST TRANSACTION
control field 20230306121508.0
008 - FIXED-LENGTH DATA ELEMENTS--GENERAL INFORMATION
fixed length control field 160721s2016 enka j 001|0|eng|d
015 ## - NATIONAL BIBLIOGRAPHY NUMBER
National bibliography number GBB6C3541
Source bnb
016 7# - NATIONAL BIBLIOGRAPHIC AGENCY CONTROL NUMBER
Record control number 017999987
Source Uk
020 ## - INTERNATIONAL STANDARD BOOK NUMBER
International Standard Book Number 9781407166995 (pbk.) :
035 ## - SYSTEM CONTROL NUMBER
System control number (Uk)017999987
040 ## - CATALOGING SOURCE
Original cataloging agency StDuBDS
Language of cataloging eng
Description conventions rda
Transcribing agency StDuBDS
Modifying agency KH8
082 04 - DEWEY DECIMAL CLASSIFICATION NUMBER
Classification number 972.018 DEA
Edition number 23
100 1# - MAIN ENTRY--PERSONAL NAME
Personal name Deary, Terry,
Relator term author.
245 10 - TITLE STATEMENT
Title Angry Aztecs /
Statement of responsibility, etc. Terry Deary ; illustrated by Martin Brown.
263 ## - PROJECTED PUBLICATION DATE
Projected publication date 201611
264 #1 - PRODUCTION, PUBLICATION, DISTRIBUTION, MANUFACTURE, AND COPYRIGHT NOTICE
Place of production, publication, distribution, manufacture London :
Name of producer, publisher, distributor, manufacturer Scholastic,
Date of production, publication, distribution, manufacture, or copyright notice 2016.
300 ## - PHYSICAL DESCRIPTION
Extent 1 volume :
Other physical details illustrations.
336 ## - CONTENT TYPE
Content type term text
Source rdacontent
336 ## - CONTENT TYPE
Content type term still image
Source rdacontent
337 ## - MEDIA TYPE
Media type term unmediated
Source rdamedia
338 ## - CARRIER TYPE
Carrier type term volume
Source rdacarrier
490 0# - SERIES STATEMENT
Series statement Horrible histories
500 ## - GENERAL NOTE
General note Includes index.
650 #0 - SUBJECT ADDED ENTRY--TOPICAL TERM
Topical term or geographic name entry element Aztecs
Form subdivision Juvenile literature.
650 #0 - SUBJECT ADDED ENTRY--TOPICAL TERM
Topical term or geographic name entry element Incas
Form subdivision Juvenile literature.
700 10 - ADDED ENTRY--PERSONAL NAME
Personal name Brown, Martin,
Dates associated with a name 1959-
Relator term illustrator.
942 ## - ADDED ENTRY ELEMENTS (KOHA)
Source of classification or shelving scheme
Koha item type Books - Non Ficton
Holdings
Withdrawn status Lost status Source of classification or shelving scheme Damaged status Not for loan Collection code Permanent Location Current Location Shelving location Date acquired Total Checkouts Full call number Barcode Date due Date last seen Date last checked out Price effective from Koha item type Public note
          Non-Fiction KH8 Primary School Library KH8 Primary School Library Non Fiction 2023-03-06 2 972.018 DEA KHPL000003825 2023-07-03 2023-06-21 2023-06-21 2023-03-06 Books - Non Ficton  
          Non-Fiction KH8 Primary School Library KH8 Primary School Library Non Fiction 2023-03-06   972.018 DEA KHPL000004710   2025-12-05   2023-03-06 Books - Non Ficton  
          Non-Fiction KH8 Primary School Library KH8 Primary School Library Non Fiction 2023-03-06   972.018 DEA KHPL000006343   2025-12-05   2023-03-06 Books - Non Ficton KH8 PRIMARY LIBRARY

Powered By KH8 IT Dept